Music Quiz

Random Music or Song Quiz

And One Albums Quiz Stats

 Plays Quiz not verified by Sporcle

Score 0/15 Timer 06:00
0 Plays Today
Year Album % Correct
1991Anguish
100%
1992Flop!
100%
1993Spot
100%
1994I.S.T.
100%
1997Nordhausen
100%
19989.9.99 9 Uhr
100%
2000Virgin Superstar
100%
2003Aggressor
100%
Year Album % Correct
2006Bodypop
100%
2007Bodypop 1 1/2
100%
2012S.T.O.P.
100%
2009Live
55.6%
2011Tanzomat
55.6%
2006Frontfeuer (EP)
44.4%
2011Zerstoerer (EP)
33.3%

You're not logged in!

Compare scores with friends on all Sporcle quizzes.
OR
Log In

Show Comments

Extras

Top Quizzes Today


Score Distribution

Your Account Isn't Verified!

In order to create a playlist on Sporcle, you need to verify the email address you used during registration. Go to your Sporcle Settings to finish the process.

Report this User

Report this user for behavior that violates our Community Guidelines.

Details: